000 01771nam a2200361Ic 4500
001 60000
003 CO-BoRNBP
005 20251114152719.0
007 ta
008 210818r20162018ck er 000 0dspa d
020 _a9789589219447
040 _aCO-BoRNBP
_bspa
_erda
_cCO-BoRNBP
041 0 _aspa
082 0 4 _a808.84
_bP67n
_222
100 _aPosada-Carbó, Eduardo,
_d1956-
_eaut
_967480
245 1 3 _aLa novela como historia /
_cEduardo Posada Carbó ; prólogo Ilan Stavans.
250 _aPrimera edición
264 1 _aBogotá, Colombia :
_bPenguin Random House,
_c2018
300 _a122 páginas
336 _atexto
_btxt
_2rdacontent
337 _asin mediación
_bn
_2rdamedia
338 _avolumen
_bnc
_2rdacarrier
505 0 _aUsos y abusos de la historia. Divergencias con anotaciones de García Márquez -- La novela como historia. Cien años de soledad y las bananeras -- La historia y falsos recuerdos (A próposico de las memorias de Gabriel García Márquez) -- Barranquilla en la visión de Maverl Moreno: Reflexiones de un historiador de la cuidad -- Alfonso Fuenmayor y el periodismo barranquillero -- Carnaval: Fiesta de la vida
521 _aRecomendado para un público adulto
545 _aIncluye datos biográficos del autor en la solapa
600 0 _aFuenmayor Campi, Alfonso
_d1915-1994
_xCrítica e interpretación
_967481
600 0 _aGarcia Márquez, Gabriel
_d1927-2014
_xCrítica e interpretación
_967482
600 0 _aMoreno Abello, Marvel Luz
_d1939-1995
_xCrítica e interpretación
_967483
650 0 4 _aNovela colombiana
_xHistoria y crítica
_vFotografías
_2LEMB
_967484
650 0 4 _aLiteratura colombiana
_xHistoria y crítica
_vFotografías
_2LEMB
_967485
700 _aStavans, Ilan,
_d1961-
_ewfw
_967486
942 _2ddc
_cBK
999 _c60000
_d60000